Missing Word: Books Beginning with 'U' & 'V' Quiz Stats

 Plays Quiz Updated Mar 1, 2016

Challenge
Share
Tweet
Embed
Score 0/20 Timer 04:00
0 Plays Today
BOOKS ANSWER % Correct
Uncle Tom's ____Cabin
97.4%
Vanity ____Fair
93.5%
The Ugly ____Duckling
91.8%
V for ____Vendetta
86.1%
Velveteen ____Rabbit
85.7%
The Very ____ CaterpillarHungry
83.3%
Valley of the ____Dolls
81.9%
The Unbearable ____ of BeingLightness
63.1%
The Voyage of the ____ TreaderDawn
54.1%
The Virgin ____Suicides
49.2%
BOOKS ANSWER % Correct
The Vampire ____Lestat
44.2%
Under the ____Dome
40.9%
The Voyage of the ____Beagle
38.5%
A Visit From the ____ SquadGoon
21.8%
Up from ____Slavery
18.8%
Under the ____Volcano
17.2%
The Vicar of ____Wakefield
15.2%
Venus in ____Furs
14.6%
The Violent ____ It AwayBear
6.6%
Under the ____Net
5.6%

Today's Daily Dose

You're not logged in!

Compare scores with friends on all Sporcle quizzes.
OR
Log In

You Might Also Like...

Show Comments

Extras

Top Quizzes Today


Score Distribution

Your Account Isn't Verified!

In order to create a playlist on Sporcle, you need to verify the email address you used during registration. Go to your Sporcle Settings to finish the process.

Report this User

Report this user for behavior that violates our Community Guidelines.

Details: